| 000 | 00808nam a2200217Ii 4500 | ||
|---|---|---|---|
| 003 | JO-AjNU | ||
| 008 | 230605s9999||||xx |||||||||||||| ||und|| | ||
| 017 | _a1999/3/272 | ||
| 040 |
_aJO-AjNU _bara _erda _cJO-AjNU |
||
| 041 | _aara | ||
| 050 | 1 | 4 | _aJZ1318.V44 1999 |
| 100 | 3 |
_aحوار شرف، ليلى، حوار لبيب قمحاوي، حوارهشام غضيب, _eauthor _946318 |
|
| 245 | 0 | 0 | _aقضايا عربية وتحديات العولمة: حوار الشهر"12" مع علي أومليل |
| 250 | _aط1 | ||
| 264 | 3 | 1 | _aعمان: مؤسسة عبد الحميد شومان، 1999 |
| 300 | _a48ص | ||
| 336 |
_atext _btxt _2rdacontent |
||
| 337 |
_aunmediated _bn _2rdamedia |
||
| 338 |
_avolume _bnc _2rdacarrier |
||
| 650 | 4 |
_aسياسة دولية - عولمة - عالم عربي _946319 |
|
| 999 |
_aA20140 _c23708 _d23708 |
||